Basic ophthalmology : (رقم التسجيلة. 42558)

تفاصيل مارك
000 -الفاتح
حقل البيانات ثابتة الطول 01012pam a2200289 a 4500
003 - محدد رقم الضبط
رقم الضبط OCoLC
005 - وقت وتاريخ اخر تعامل مع التسجيلة
رقم الضبط 20180815152649.0
008 - عناصر البيانات ثابتة الطول - معلومات عامة
حقل البيانات ثابتة الطول 980622s2016 caua b 001 0 eng c
020 ## - الرقم الدولى المعيارى للكتب
الرقم الدولى المعيارى للكتاب 9781615258048
040 ## - مصدر الفهرسة
وكالة الفهرسة الأصلية DNLM/DLC
وكالة النسخ DLC
وكالة التعديل YDX
-- NLM
-- MXC
لغة الفهرسة eng
050 10 - رقم طلب مكتبة الكونجرس
رقم التصنيف RE46
رقم المادة .O65 1999
060 00 - رقم الطلب بالمكتبة الطبية الوطنية
رقم التصنيف 1999 F-280
060 10 - رقم الطلب بالمكتبة الطبية الوطنية
رقم التصنيف WW 100
رقم المادة B3114 1999
082 00 - رقم تصنيف ديوى العشرى
رقم التصنيف 617.7
رقم الطبعة 21
رقم المادة BAO
245 00 - بيان العنوان
العنوان Basic ophthalmology :
بقية العنوان Essentials medical students /
بيان المسئوليه,etc Richard C. Allen, Richard A. Harper.
246 18 - العنوان الموازى
عنوان صحيح/عنوان مختصر Basic ophthalmology
250 ## - بيان الطبعة
بيان الطبعة 10th ed. /
بقية بيان الطبعة Cynthia A. Bradford, executive editor
260 ## - PUBLICATION, DISTRIBUTION, ETC. (IMPRINT)
مكان الناشر او الموزع San Francisco, CA :
اسم الناشر او الموزع American Academy of Ophthalmology,
تاريخ النشر أو التوزيع 2016
300 ## - الوصف المادى
التعداد xv, 175 p. :
تفاصيل ماديه اخرى للوعاء ill. (some col.) ;
أبعاد الوعاء 26 cm
504 ## - تبصرة ببليوجرافية
تبصرة ببليوجرافية,الخ Includes bibliographical references and index
650 #0 - المدخل الاضافى بالموضوع-مصطلح موضوعى
مصطلح موضوعي أو اسم جغرافي كعنصر مدخل Ophthalmology
9 (RLIN) 64088
650 #0 - المدخل الاضافى بالموضوع-مصطلح موضوعى
مصطلح موضوعي أو اسم جغرافي كعنصر مدخل Primary care (Medicine)
9 (RLIN) 64089
650 #2 - المدخل الاضافى بالموضوع-مصطلح موضوعى
مصطلح موضوعي أو اسم جغرافي كعنصر مدخل Diagnostic Techniques, Ophthalmological
9 (RLIN) 38971
650 #2 - المدخل الاضافى بالموضوع-مصطلح موضوعى
مصطلح موضوعي أو اسم جغرافي كعنصر مدخل Eye Diseases
9 (RLIN) 64090
700 1# - المدخل الاضافى - اسم شخصى
الإسم الشخصى Harper,Richard A.
9 (RLIN) 64091
942 ## - عناصر المدخل الإضافي( كوها)
Koha [default] item type كتاب
المقتنيات
حالة الفقد نموذج السعر الفعال حالة تلف ليس للاعارة رقم الطلب تاريخ الاكتساب الموقع الحالي الباركود الفرع الرئيسي Date last seen نوع المادة فى نظام كوها مصدر التصنيف او خطة الترفيف Total Checkouts
  2018-08-15     617.7 BAO 2018-08-15 المكتبة المركزية بالمجمعة (CL) 00656758 المكتبة المركزية بالمجمعة (CL) 2018-08-15 كتاب Dewey Decimal Classification  
  2018-08-15     617.7 BAO 2018-08-15 المكتبة المركزية بالمجمعة (CL) 00656759 المكتبة المركزية بالمجمعة (CL) 2018-08-15 كتاب Dewey Decimal Classification  
  2018-08-15     617.7 BAO 2018-08-15 المكتبة المركزية بالمجمعة (CL) 00656760 المكتبة المركزية بالمجمعة (CL) 2018-08-15 كتاب Dewey Decimal Classification